| 000 | 01672nam a2200493 i 4500 | ||
|---|---|---|---|
| 001 | 49775 | ||
| 003 | KOSZ 005 | ||
| 005 | 20220928145012.0 | ||
| 008 | 110314s2010 pl a |000 0 pol | ||
| 015 | _aUWD 2011/11073 | ||
| 020 | _a9788393026043 | ||
| 035 | _a991004933779705066 | ||
| 035 | _a(PL-WaBN)b25972777-48omnis_nlop | ||
| 035 | _ab25972777 | ||
| 035 | _a(OCoLC)750467412 | ||
| 035 | _axx002012170 | ||
| 035 | _a(PL)b0000002597277 | ||
| 035 | _a(EXLNZ-48OMNIS_NETWORK)9910017524905606 | ||
| 040 |
_aWA N _cWA N _dKOSZ 005/HR |
||
| 046 | _k2010 | ||
| 080 | _a364.35(438) | ||
| 100 | 1 |
_aDąbrowski, Tomasz _eAutor |
|
| 245 | 1 | 0 |
_aVademecum członkostwa w otwartym funduszu emerytalnym / _cTomasz Dąbrowski, Sławomir Pomarański. |
| 260 |
_aWarszawa : _bKomisja Nadzoru Finansowego, _c2010. |
||
| 300 |
_a38 s. : _bil. ; _c21 cm. |
||
| 336 |
_aTekst _btxt _2rdacontent |
||
| 337 |
_aBez urządzenia pośredniczącego _bn _2rdamedia |
||
| 338 |
_aWolumin _bnc _2rdacarrier |
||
| 380 | _aKsiążki | ||
| 388 | _a2001- | ||
| 490 | 1 | _aPoradnik Klienta Usług Finansowych | |
| 500 | _aU góry s. tyt. nazwa projektu: CEDUR. | ||
| 648 | 7 | _a2001- | |
| 650 | 7 |
_aFundusz emerytalny _2DBN |
|
| 651 | _aPolska | ||
| 655 | 7 |
_aPoradnik _2DBN |
|
| 658 | _aGospodarka, ekonomia, finanse | ||
| 700 | 1 |
_aPomarański, Sławomir _eAutor |
|
| 710 | 2 | _aKomisja Nadzoru Finansowego | |
| 830 | 0 | _aPoradnik Klienta Usług Finansowych | |
| 856 |
_uhttp://koha.tu.koszalin.pl/cgi-bin/koha/opac-detail.pl?biblionumber=49775 _yKatalog online BPK |
||
| 942 |
_2UKD _cKS |
||
| 999 |
_c49775 _d49775 |
||